| 000 | 01090naa a22002897a 4500 | ||
|---|---|---|---|
| 001 | BR7904980 | ||
| 003 | BR-BrBNA | ||
| 005 | 20240918174423.0 | ||
| 007 | ta | ||
| 008 | 230509b bl.||||| |||| 00| 0 por d | ||
| 040 |
_aBR-BrBNA _bpor _cBiblioteca Nacional de Agricultura |
||
| 041 | _a(Pt) | ||
| 072 |
_aL72 _b5212 _b5240 _b4050 _b4060 |
||
| 090 | _aL72 BR7904980 | ||
| 100 | 1 | _aPimentel Neto, M. | |
| 111 | 1 |
_a1. Seminario Nacional sobre Parasitoses dos Bovinos _cCampo Grande, MS (Brazil) _d23 Jul 1979 |
|
| 245 | 1 | _aEpidemiologia dos helmintos [Verminose; Bovino; Bos taurus; Ovino; Ovis aries] | |
| 260 | 3 |
_aCampo Grande, MS (Brasil): _c1979. |
|
| 500 | _aAnais do 1. Seminario Nacional sobre Parasitoses dos Bovinos Campo Grande, MS (Brasil): 1979. p. 41-46 (BR7904980-AM)L72 | ||
| 650 | _aPraga de animal | ||
| 650 | _aBovino | ||
| 650 | _aOvino | ||
| 650 | _aVerminose | ||
| 773 | 0 |
_tAnais do 1. Seminario Nacional sobre Parasitoses dos Bovinos _wL72 BR7904980 _gCampo Grande, MS (Brasil), 1979. p. 41-46 |
|
| 909 |
_a202404 _bLucia _c55 _dLucia Elande |
||
| 942 |
_cAM _2AGRIS |
||
| 999 |
_c311127 _d311127 |
||